000 00501pab a2200157 454500
008 180718b2013 xxu||||| |||| 00| 0 eng d
100 _aNaik, B.M.
245 _aResearch parks in partnership with industry universities and colleges for making education globally competitive and creating job opening: Will RUSA play a leading role?
260 _c2013
300 _ap.5-18.
362 _a25 Nov
650 _aIndustry and education
773 _aUniversity News
908 _aN
909 _a103117
999 _c103114
_d103114